Surveyors acting as expert witnesses (Record no. 115541)
[ view plain ]
| 000 -LEADER | |
|---|---|
| fixed length control field | 03013cam a22003255a 4500 |
| 001 - CONTROL NUMBER | |
| control field | L158847 |
| 008 - FIXED-LENGTH DATA ELEMENTS--GENERAL INFORMATION | |
| fixed length control field | 081030s2015 xxk f v 000 0 eng d |
| 020 ## - INTERNATIONAL STANDARD BOOK NUMBER | |
| International Standard Book Number | 9781783210992 |
| 035 ## - SYSTEM CONTROL NUMBER | |
| System control number | (Sirsi) u158847 |
| 041 0# - LANGUAGE CODE | |
| Language code of text/sound track or separate title | eng |
| 050 04 - LIBRARY OF CONGRESS CALL NUMBER | |
| Classification number | 347.41067 $2 18 |
| 110 2# - MAIN ENTRY--CORPORATE NAME | |
| Corporate name or jurisdiction name as entry element | Royal Institution of Chartered Surveyors |
| 9 (RLIN) | 4900 |
| 245 00 - TITLE STATEMENT | |
| Title | Surveyors acting as expert witnesses |
| Remainder of title | RICS professional statement and guidance note, Scotland |
| Medium | [electronic resource] |
| 250 ## - EDITION STATEMENT | |
| Edition statement | 1st |
| 260 ## - PUBLICATION, DISTRIBUTION, ETC. | |
| Place of publication, distribution, etc. | London |
| Name of publisher, distributor, etc. | RICS |
| Date of publication, distribution, etc. | 2015 |
| 300 ## - PHYSICAL DESCRIPTION | |
| Extent | 40 p. |
| 490 #0 - SERIES STATEMENT | |
| Series statement | RICS Practice Statement |
| 490 #0 - SERIES STATEMENT | |
| Series statement | RICS Guidance Note |
| 505 2# - FORMATTED CONTENTS NOTE | |
| Formatted contents note | Surveyors acting as expert witnesses: professional statement: RICS professional statements -- preamble -- Principal message -- application of professional statement -- duty in providing expert witness -- acting as an expert witness and instructions -- inspections -- reports and oral evidence -- amending the contents of written reports -- agreeing facts and resolving differences -- Single Joint Expert (SJE)/Court Appointed Expert(CAE) -- advocacy and expert witness roles -- conditional fees |
| 505 2# - FORMATTED CONTENTS NOTE | |
| Formatted contents note | Surveyors acting as expert witnesses: guidance note: RICS guidance notes -- application of guidance note and introduction -- general duties -- advice and disclosure -- duties to the tribunal -- instructions and inspections -- evidence of fact -- expert (opinion) evidence -- questions to expert witnesses and answers -- documents -- oral evidence -- advising advocates -- expert witnesses' written reports -- form and content of an expert witness's written report -- meetings between the expert witness and the client's team -- narrowing differences and meetings between experts -- expert evidence, advocacy and a 'dual role' -- basis of charging fees -- conditional fees -- responsibility for expert witness's fees -- immunity of the expert witness -- criminal proceedings |
| 505 2# - FORMATTED CONTENTS NOTE | |
| Formatted contents note | Appendices: sample terms of engagement -- immunity of the expert witness - exemptions -- definitions -- Further reading and glossary of Acts, procedures and protocols |
| 520 ## - SUMMARY, ETC. | |
| Summary, etc. | Applies to surveyors when providing expert evidence, whether oral or written, before a range of courts and tribunals in Scotland. This practice statement is also published in the form of an accompanying client guide, a copy of which can be supplied by the expert witness to the prospective client however the client guide does not specifically extend to Scotland. Effective from 6th November 2015. |
| 521 ## - TARGET AUDIENCE NOTE | |
| Target audience note | Advanced |
| 590 ## - LOCAL NOTE (RLIN) | |
| Local note | KA |
| 651 #4 - SUBJECT ADDED ENTRY--GEOGRAPHIC NAME | |
| Geographic name | Scotland |
| 690 ## - LOCAL SUBJECT ADDED ENTRY--TOPICAL TERM (OCLC, RLIN) | |
| Topical term or geographic name as entry element | Dispute resolution |
| 9 (RLIN) | 6236 |
| 856 41 - ELECTRONIC LOCATION AND ACCESS | |
| Uniform Resource Identifier | <a href="https://www.rics.org/content/dam/ricsglobal/documents/standards/August_2015_Surveyors_Acting_As_Expert_Witnesses_In_Scotland_1st_Edition.pdf">https://www.rics.org/content/dam/ricsglobal/documents/standards/August_2015_Surveyors_Acting_As_Expert_Witnesses_In_Scotland_1st_Edition.pdf</a> |
| Public note | Available on RICS.org |
| 856 41 - ELECTRONIC LOCATION AND ACCESS | |
| Uniform Resource Identifier | <a href="https://www.rics.org/content/dam/ricsglobal/documents/standards/Surveyors_Acting_As_Expert_Witnesses_Client_Guide.pdf">https://www.rics.org/content/dam/ricsglobal/documents/standards/Surveyors_Acting_As_Expert_Witnesses_Client_Guide.pdf</a> |
| Public note | View the Client's guide (does not extend directly to Scotland) on RICS.org |
| 942 ## - ADDED ENTRY ELEMENTS (KOHA) | |
| Suppress in OPAC | 0 |
| Source of classification or shelving scheme | Dewey Decimal Classification |
| Withdrawn status | Lost status | Source of classification or shelving scheme | Damaged status | Not for loan | Home library | Current library | Shelving location | Date acquired | Total Checkouts | Full call number | Barcode | Date last seen | Copy number | Price effective from | Koha item type |
|---|---|---|---|---|---|---|---|---|---|---|---|---|---|---|---|
| Dewey Decimal Classification | Virtual | Virtual | Online | 18/08/2015 | ONLINE PUBLICATION | 158847-2001 | 28/04/2023 | 1 | 06/08/2019 | Book |